| 000 | 00645nam a22002057a 4500 | ||
|---|---|---|---|
| 999 |
_c11690 _d11690 |
||
| 003 | AR-CdUCM | ||
| 008 | 190404b ||||| |||| 00| 0 spa d | ||
| 040 |
_aMUNICIPALIDAD PROVINCIAL DEL CUSCO _cBIBLIOTECA MUNICIPAL DEL CUSCO |
||
| 082 |
_a869.56 / _bL22 / 1943 |
||
| 100 |
_aLaña Santillana, Pilar _929157 |
||
| 245 |
_aMás allá de la trocha : _bnovela / |
||
| 260 |
_aLima : _bImpr. Gmo Lenta, _c1943. |
||
| 300 |
_a328 páginas ; _c20 cm. |
||
| 505 | _aContenido: Novela peruana. | ||
| 650 |
_aNovela peruana _91234 |
||
| 650 |
_aLiteratura peruana _9169 |
||
| 650 |
_aSiglo XX _98 |
||
| 942 |
_2ddc _cLIBROS |
||
| 945 |
_adavv _d04/04/2019 |
||